000 004130000a22001690004500
003 LK-CoMWRAF
008 230817t ||||| |||| 00| 0 eng d
040 _aLK-CoMWRAF
_dLK-CoMWRAF
_eLK-CoMWRAF
041 _aeng
082 _a021
_bSIV
100 _aSivaprakasam Yogesvari
245 _aUnarvin Nilalkal
_b
260 _aJaffna
_bMallikaipanthal
_c1997
300 _ap.144
650 _aliterature
942 _cBK
999 _c2808
_d2808